Essentials of Fortran 77

Αποθηκεύτηκε σε:
Λεπτομέρειες βιβλιογραφικής εγγραφής
Κύριος συγγραφέας: Shelley, John 1940-
Μορφή: Βιβλίο
Γλώσσα:English
Δημοσίευση: Chichester [West Sussex] : New York : J. Wiley, c1984
Θέματα:
Ετικέτες: Προσθήκη ετικέτας
Δεν υπάρχουν, Καταχωρήστε ετικέτα πρώτοι!

MARC

LEADER 00000cam a2200000 i 4500
001 1/37354
008 950328s1984 eng d
020 |a 047190502X ((pbk.))  |c $19.08 (U.S.) 
035 |l 10024660 
040 |a GR-MY-UA  |b gre  |e aacr 
041 0 |a eng 
082 0 |a 001.64/24  |2 (19) 
100 1 |a Shelley, John  |d 1940- 
245 1 0 |a Essentials of Fortran 77 /  |c John Shelley 
260 |a Chichester [West Sussex] :   |a New York :   |b J. Wiley,   |c c1984 
300 |a xiv, 204 p.;  |b ill.;  |c 25 cm 
500 |a Includes index 
650 0 0 |a FORTRAN 77 (Computer program language) 
852 |a INST  |b CHIOS  |e 19950328  |h 001.6424 SHE  |p 005200006907  |q 005200006907  |t BK  |y 0 
852 |a INST  |b CHIOS  |e 19950328  |h 001.6424 SHE  |p 005200006919  |q 005200006919  |t BK  |y 0 
852 |a INST  |b CHIOS  |e 19950328  |h 001.6424 SHE  |p 005200006920  |q 005200006920  |t BK  |y 0 
852 |a INST  |b CHIOS  |e 19950328  |h 001.6424 SHE  |p 005200006921  |q 005200006921  |t BK  |y 0 
852 |a INST  |b CHIOS  |e 19950328  |h 001.6424 SHE  |p 005200006922  |q 005200006922  |t BK  |y 0 
909 |a Χ  |b 002543 
909 |a Χ  |b 002541 
909 |a Χ  |b 002540 
909 |a Χ  |b 002537 
909 |a Χ  |b 002544